The lion and the monkey (Record no. 130214)

MARC details
000 -LEADER
fixed length control field 00809nam a2200265 i 4500
001 - CONTROL NUMBER
control field C2-0331480
003 - CONTROL NUMBER IDENTIFIER
control field PPAK
005 - DATE AND TIME OF LATEST TRANSACTION
control field 20180728131855.0
008 - FIXED-LENGTH DATA ELEMENTS--GENERAL INFORMATION
fixed length control field 150614s2015 my a|||| ||||| | eng d
020 ## - INTERNATIONAL STANDARD BOOK NUMBER
International Standard Book Number 9789670313993
040 ## - CATALOGING SOURCE
Original cataloging agency PPAK
Language of cataloging eng
Transcribing agency PPAK
Description conventions rda
082 04 - DEWEY DECIMAL CLASSIFICATION NUMBER
Classification number 823
Edition number 23
090 00 - LOCALLY ASSIGNED LC-TYPE CALL NUMBER (OCLC); LOCAL CALL NUMBER (RLIN)
Classification number (OCLC) (R) ; Classification number, CALL (RLIN) (NR) 823
Feature heading HAM
Feature heading K
100 0# - MAIN ENTRY--PERSONAL NAME
Personal name Hamdan Mohd Ali,
Relator term author
245 14 - TITLE STATEMENT
Title The lion and the monkey
264 #1 - PRODUCTION, PUBLICATION, DISTRIBUTION, MANUFACTURE, AND COPYRIGHT NOTICE
Place of production, publication, distribution, manufacture Seremban, Negeri Sembilan :
Name of producer, publisher, distributor, manufacturer Goodwill Publications ,
Date of production, publication, distribution, manufacture, or copyright notice 2015
300 ## - PHYSICAL DESCRIPTION
Extent 30 paages :
Other physical details colour illustrations ;
Dimensions 21 cm
336 ## - CONTENT TYPE
Source rdacontent
Content type term text
337 ## - MEDIA TYPE
Source rdamedia
Media type term unmediated
338 ## - CARRIER TYPE
Source rdacarrier
Carrier type term volume
490 1# - SERIES STATEMENT
Series statement The coloured wolf stories series
650 10 - SUBJECT ADDED ENTRY--TOPICAL TERM
Topical term or geographic name entry element Children's stories, English. ; Animals - Fiction.
830 #0 - SERIES ADDED ENTRY--UNIFORM TITLE
Uniform title The coloured wolf stories series
942 ## - ADDED ENTRY ELEMENTS (KOHA)
-- dc
Koha item type Book
Holdings
Withdrawn Not for loan Current library Shelving location Date acquired Total Checkouts Full call number Barcode Date last seen Koha item type
    Perpustakaan Merbok Pinjaman Kanak-kanak 15/06/2015   K 823 HAM A01453401 09/05/2018 Book
    Bergerak 1, Alor Setar Pinjaman Kanak-kanak 15/06/2015   K 823 HAM A01453402 09/05/2018 Book
    Bergerak 1, Alor Setar Pinjaman Kanak-kanak 15/06/2015   K 823 HAM A01453403 09/05/2018 Book
    Bergerak 3, Baling Pinjaman Kanak-kanak 15/06/2015   K 823 HAM A01453404 09/05/2018 Book
    Bergerak 4, Sungai Petani Pinjaman Kanak-kanak 15/06/2015   K 823 HAM A01453405 09/05/2018 Book
    Bergerak 5, Kulim Pinjaman Kanak-kanak 15/06/2015   K 823 HAM A01453406 09/05/2018 Book
    PD35, Kg. Sungai Daun, Yan Pinjaman Kanak-kanak 04/08/2015   K 823 HAM A01462651 09/05/2018 Book
    PD36, Kg. Kuala Lanjut, Kota Star Pinjaman Kanak-kanak 04/08/2015   K 823 HAM A01462652 09/05/2018 Book
    PD37, Kg. Belat, Pendang Pinjaman Kanak-kanak 04/08/2015   K 823 HAM A01462653 09/05/2018 Book
    PD38, KEDA Tanjung Setol, Pendang Pinjaman Kanak-kanak 04/08/2015   K 823 HAM A01462654 09/05/2018 Book
    PD39, Felda Bukit Tembaga, Kuala Nerang Pinjaman Kanak-kanak 04/08/2015   K 823 HAM A01462656 09/05/2018 Book